Fildrong : Les aventures et équipes Pokémon 🧂 - Statistiques

Statistiques générales
  • Ce quiz a été pris 162 fois
  • Le résultat moyen est 7 sur 19
Statistiques - réponses
Par images Hint Réponse % Correct
Let's play - 2022 Pokémon Écarlate
86%
Défi - 2019 Pokémon X Full Random
79%
Défi - 2022 Pokémon Saphir Alpha Full Random
75%
Let's play - 2021 Pokémon Diamant Étincelant
70%
Fangame - 2017 Pokémon Clover
49%
Fangame - 2022 Pokémon Uranium
47%
Fangame - 2020 Pokémon Salty Platinium
45%
Défi - 2020 Pokémon Blanc Full Random
35%
Fangame - 2023 Pokémon Steam 2
32%
Défi - 2024 Pokémon Blanc 2 Ironmon
31%
Fangame - 2019 Pokémon Solar Light
30%
Fangame - 2022 Pokémon Ambre
28%
Fangame - 2018 Pokémon Blaze Black
25%
Fangame - 2017 Pokémon Éclat Pourpre
24%
Fangame - 2021 Pokémon Steam 1
22%
Défi - 2018 Pokémon Mind Crystal
15%
Fangame - 2024 Pokémon Opalo
13%
Fangame - 2023 Pokémon Re:Union
10%
Défi - 2024 Pokémon Or Heartgold Ironmon
9%
Aucun quiz correspondant
Distribution des résultats
% des personnes avec chaque résultat
Percentile par nombre de réponses
Votre historique - résultats
Vous n’avez pas pris ce quiz